000 00216 a2200097 4500
001 41490
100 _aHornby, A
245 _aoxford advanced leanes dictionary of cunrent
260 _a
_b
_c
090 _c25651
_d25651
942 _aNUST-CAE
_cM
_c17393
999 _c276563
_d276563